| 000 | 00753nam a2200217Ia 4500 | ||
|---|---|---|---|
| 001 | 4212 | ||
| 003 | GE_BSU | ||
| 008 | 181216s||||||||xx |||||||||||||| ||und|| | ||
| 040 | _cGE_BSU | ||
| 080 | _a661.7(075.8) | ||
| 100 | _aЛебедев,Н.Н. | ||
| 245 | _aХимия и технология основного органического и нефтехимического синтеза. | ||
| 245 | _cРед. Н.И.Уривалова. | ||
| 250 | _a3-е изд. перераб. | ||
| 260 | _aМ. | ||
| 260 | _bХимия. | ||
| 260 | _c1981. | ||
| 300 | _a608 стр. 22 см. | ||
| 653 | _aХимия и технология основного органического и нефтехимического синтеза. | ||
| 942 | _cBK | ||
| 999 |
_c38222 _d38222 |
||